[Event "Lippe Cup-A 07th"]
[Site "Lieme"]
[Date "2010.10.17"]
[Round "4"]
[White "Niekrens, Stefan"]
[Black "Henkemeier, Markus"]
[Result "1-0"]
[WhiteElo "2040"]
[BlackElo "1838"]
[PlyCount "195"]
[EventDate "2010.10.15"]
[EventType "swiss"]
[EventRounds "5"]
[EventCountry "GER"]
[SourceTitle "CBM 138 Extra"]
[Source "ChessBase"]
[SourceDate "2010.10.29"]
[SourceVersion "1"]
[SourceVersionDate "2010.10.29"]
[SourceQuality "1"]

1. e4 c6 2. d4 d5 3. f3 dxe4 4. fxe4 e5 5. Nf3 Bg4 6. Bc4 Nd7 7. 0-0 Ngf6 8. Bg5 Bxf3 9. Qxf3 Bd6 10. Qb3 0-0 11. Qxb7 exd4 12. h3 Qa5 13. Bxf7+ Kh8 14. Bd2 Qc5 15. b4 Qxc2 16. Bb3 Qxe4 17. Na3 Qd3 18. Nc4 Rab8 19. Qxa7 Bxb4 20. Bxb4 Rxb4 21. Rad1 Qg3 22. Qxd4 c5 23. Qd6 Qxd6 24. Rxd6 Re8 25. Rfd1 Nf8 26. Rc6 Ne4 27. Nd6 Nxd6 28. Rdxd6 Rf4 29. Rxc5 Re1+ 30. Kh2 g6 31. Rd8 Kg7 32. Rc7+ Kh6 33. Rf7 Rxf7 34. Bxf7 Kg7 35. Bb3 h5 36. a4 Rb1 37. Rd3 Ra1 38. Rd5 Ra3 39. Rb5 Kf6 40. Rb7 Ke5 41. Re7+ Kd6 42. Rf7 Nd7 43. Bc2 Ke6 44. Rf3 Ra1 45. Bxg6 Ne5 46. Re3 Rxa4 47. Bxh5 Kf6 48. Bf3 Ra7 49. g4 Ng6 50. Kg3 Ra5 51. Rb3 Ne5 52. h4 Rc5 53. Rb6+ Kg7 54. Kf4 Ng6+ 55. Kg3 Ne5 56. Rb3 Kf6 57. Ra3 Kg7 58. g5 Nf7 59. Ra7 Kf8 60. Kg4 Ne5+ 61. Kf4 Ng6+ 62. Kg3 Ne5 63. Ra3 Kg7 64. Bh5 Rc7 65. Kf4 Nd7 66. Re3 Nf8 67. Re8 Rc4+ 68. Re4 Rxe4+ 69. Kxe4 Kh7 70. Bg4 Kg6 71. Kf4 Kg7 72. Bf5 Kg8 73. Ke5 Kf7 74. Kd6 Kg7 75. Ke7 Kh8 76. h5 Kg7 77. h6+ Kh8 78. Kf6 Kg8 79. h7+ Kh8 80. Kf7 Ng6 81. Kf6 Nf8 82. Ke7 Ng6+ 83. Bxg6 Kg7 84. Bd3 Kh8 85. Ke6 Kg7 86. Kf5 Kh8 87. g6 Kg7 88. h8Q+ Kxh8 89. Kf6 Kg8 90. Bc4+ Kh8 91. g7+ Kh7 92. Kf7 Kh6 93. g8Q Kh5 94. Kf6 Kh4 95. Kf5 Kh3 96. Kf4 Kh2 97. Kf3 Kh1 98. Qg2# 1-0

[Event "Lippe Cup-A 07th"]
[Site "Lieme"]
[Date "2010.10.15"]
[Round "1"]
[White "Krause, Benedict"]
[Black "Niekrens, Stefan"]
[Result "1/2-1/2"]
[WhiteElo "1677"]
[BlackElo "2040"]
[PlyCount "187"]
[EventDate "2010.10.15"]
[EventType "swiss"]
[EventRounds "5"]
[EventCountry "GER"]
[SourceTitle "CBM 138 Extra"]
[Source "ChessBase"]
[SourceDate "2010.10.29"]
[SourceVersion "1"]
[SourceVersionDate "2010.10.29"]
[SourceQuality "1"]

1. e4 e5 2. Nf3 Nf6 3. Nxe5 d6 4. Nf3 Nxe4 5. d4 d5 6. Bd3 Be7 7. 0-0 Nc6 8. c4 Nb4 9. Be2 Bf5 10. a3 Nc6 11. Nc3 Nxc3 12. bxc3 0-0 13. Bf4 Rc8 14. cxd5 Qxd5 15. Bd3 Qd7 16. Qc2 Bxd3 17. Qxd3 h6 18. Ne5 Nxe5 19. Bxe5 Bd6 20. Bxd6 cxd6 21. c4 Rc7 22. Rac1 Rfc8 23. Rc2 Qa4 24. Rfc1 Qd7 25. h3 Rc6 26. Rc3 R8c7 27. Qe3 Qc8 28. c5 b6 29. cxd6 Rxc3 30. Rxc3 Rxc3 31. d7 Rc1+ 32. Kh2 Qc7+ 33. g3 Qxd7 34. Qxc1 Qxd4 35. Qc8+ Kh7 36. Qf5+ g6 37. Qxf7+ Qg7 38. Qb3 Qf6 39. Qc2 Qe7 40. Qd3 Qf7 41. Qe3 Qb7 42. h4 h5 43. Qb3 Qe7 44. Qd3 Qf7 45. Qe3 Qf8 46. Kg1 Qd6 47. Qb3 Qe7 48. Qd3 Qe1+ 49. Kg2 Qe6 50. Kg1 Qe7 51. Qc3 Qg7 52. Qd3 Qf7 53. Qc3 Kg8 54. Qc8+ Kg7 55. Qc3+ Kf8 56. Qc8+ Qe8 57. Qc7 Qe1+ 58. Kg2 Qe4+ 59. Kh2 Qe7 60. Qc3 Qc5 61. Qf3+ Ke7 62. Kg2 Ke6 63. Qe4+ Kf6 64. Qf4+ Qf5 65. Qd6+ Qe6 66. Qf8+ Qf7 67. Qd6+ Kf5 68. Qd3+ Ke5 69. Qe3+ Kd6 70. Kg1 Qf6 71. Qd3+ Kc7 72. Qa6 Kb8 73. a4 Qd4 74. Qb5 Qe4 75. Qd7 Qe1+ 76. Kg2 Qe4+ 77. Kh2 Qf5 78. Qd4 Kb7 79. Kg1 Qb1+ 80. Kg2 Qf5 81. Kg1 Ka6 82. Qb4 Qc5 83. Qe4 Qf5 84. Qb4 Qc5 85. Qe4 Qd6 86. Qc4+ Kb7 87. Qe4+ Kc7 88. Qc4+ Kb7 89. Qe4+ Qc6 90. Qe7+ Ka6 91. Qb4 b5 92. axb5+ Qxb5 93. Qd6+ Qb6 94. Qd3+ 1/2-1/2